MARC details
| 000 -CABECERA |
| campo de control de longitud fija |
02399nam a22003137a 4500 |
| 003 - IDENTIFICADOR DEL NÚMERO DE CONTROL |
| campo de control |
DO-SdBNP |
| 005 - FECHA Y HORA DE LA ÚLTIMA TRANSACCIÓN |
| campo de control |
20260305073957.0 |
| 007 - CAMPO FIJO DE DESCRIPCIÓN FÍSICA--INFORMACIÓN GENERAL |
| campo de control de longitud fija |
ta |
| 008 - DATOS DE LONGITUD FIJA--INFORMACIÓN GENERAL |
| campo de control de longitud fija |
110301s2011 dr ac e 001 0 spa d |
| 020 ## - NÚMERO INTERNACIONAL ESTÁNDAR DEL LIBRO |
| Número Internacional Estándar del Libro |
9789945004106 |
| 040 ## - FUENTE DE LA CATALOGACIÓN |
| Centro catalogador/agencia de origen |
DO-SdBNP |
| Lengua de catalogación |
spa |
| Centro/agencia transcriptor |
BNPHU |
| 082 #4 - NÚMERO DE LA CLASIFICACIÓN DECIMAL DEWEY |
| Número de clasificación |
972.9305 |
| Número de documento/Ítem |
R173b |
| Número de edición |
22 |
| 100 1# - ENTRADA PRINCIPAL--NOMBRE DE PERSONA |
| Nombre de persona |
Ramirez Morillo, Belarminio |
| 9 (RLIN) |
53018 |
| 245 10 - MENCIÓN DE TÍTULO |
| Título |
Balaguer y Leonel : |
| Resto del título |
animales políticos en la jungla dominicana / |
| Mención de responsabilidad, etc. |
Belarminio Ramirez Morillo. |
| 260 ## - PUBLICACIÓN, DISTRIBUCIÓN, ETC. |
| Lugar de publicación, distribución, etc. |
Santo Domingo : |
| Nombre del editor, distribuidor, etc. |
FESJE, |
| Fecha de publicación, distribución, etc. |
2011. |
| 300 ## - DESCRIPCIÓN FÍSICA |
| Extensión |
778 p. : |
| Otras características físicas |
il., retrs. ; |
| Dimensiones |
23 cm. |
| 500 ## - NOTA GENERAL |
| Nota general |
Incluye datos biográficos del autor en las solapas |
| 500 ## - NOTA GENERAL |
| Nota general |
Incluye índice onomástico. |
| 504 ## - NOTA DE BIBLIOGRAFÍA, ETC. |
| Nota de bibliografía, etc. |
Bibliografía : p. 749-765 |
| 505 0# - NOTA DE CONTENIDO CON FORMATO |
| Información miscelánea |
Libro primero -- |
| Título |
Dedicatoria -- |
| -- |
Agradecimientos -- |
| -- |
Introducción -- |
| -- |
Génesis de un liderazgo -- |
| -- |
Balaguer en la era de Trujillo -- |
| -- |
La transición democrática -- |
| -- |
Las ideas políticas de Balaguer -- |
| -- |
Construyendo el estado prospero y democrático -- |
| -- |
Perfiles de su personalidad -- |
| -- |
El tribunal de la historia -- |
| Información miscelánea |
Libro segundo -- |
| Título |
Leonel Fernández Reyna, precursor de la sociedad del conocimiento -- |
| -- |
Naturaleza del liderazgo de Leonel Fernández -- |
| -- |
Leonel Fernández el estadista -- |
| -- |
El líder político partidista -- |
| -- |
La política internacional de Leonel Fernández -- |
| -- |
Consolidación democrática y estado social de derecho -- |
| Información miscelánea |
Libro tercero -- |
| Título |
El ideario de Leonel Fernández Reyna -- |
| -- |
El pensamiento político de Leonel Fernández Reyna -- |
| -- |
Las ideas sobre política internacional de Leonel Fernández Reyna -- |
| -- |
El pensamiento jurídico de Leonel Fernández Reyna -- |
| -- |
El pensamiento económico de Leonel Fernández Reyna -- |
| -- |
El pensamiento histórico de Leonel Fernández Reyna -- |
| -- |
El pensamiento social de Leonel Fernández Reyna -- |
| -- |
Las ideas de Leonel Fernández Reyna sobre las tecnologías -- |
| -- |
Las ideas de Leonel Fernández Reyna sobre el medio ambiente y los recursos naturales -- |
| -- |
Bibliografía -- |
| -- |
Índice onomástico / |
| 590 ## - NOTA LOCAL (RLIN) |
| Nota local |
Inventariado, 2022/ YL |
| 600 10 - PUNTO DE ACCESO ADICIONAL DE MATERIA--NOMBRE DE PERSONA |
| Nombre de persona |
Balaguer, Joaquín, |
| Fechas asociadas al nombre |
1906-2002 |
| 9 (RLIN) |
76556 |
| 600 10 - PUNTO DE ACCESO ADICIONAL DE MATERIA--NOMBRE DE PERSONA |
| Nombre de persona |
Fernández, Leonel, |
| Fechas asociadas al nombre |
1953- |
| 9 (RLIN) |
7291 |
| 650 #4 - PUNTO DE ACCESO ADICIONAL DE MATERIA--TÉRMINO DE MATERIA |
| Término de materia o nombre geográfico como elemento de entrada |
Presidentes |
| Subdivisión general |
República Dominicana |
| 9 (RLIN) |
660 |
| 651 #4 - PUNTO DE ACCESO ADICIONAL DE MATERIA--NOMBRE GEOGRÁFICO |
| Nombre geográfico |
República Dominicana |
| Subdivisión general |
Política y gobierno |
| Subdivisión cronológica |
1961- |
| 9 (RLIN) |
204 |
| 710 12 - PUNTO DE ACCESO ADICIONAL--NOMBRE DE ENTIDAD CORPORATIVA |
| Nombre de entidad corporativa o nombre de jurisdicción como elemento de entrada |
Fundación de Estudios Sociopolíticos, Jurídicos y Económicos |
| 9 (RLIN) |
81565 |
| 910 ## - DATOS DE OPCIÓN DEL USUARIO (OCLC) |
| Datos de opción del usuario |
YLockward/Validado. Control de calidad MFF |
| 942 ## - ELEMENTOS DE PUNTO DE ACCESO ADICIONAL (KOHA) |
| Fuente del sistema de clasificación o colocación |
Dewey Decimal Classification |
| Tipo de ítem Koha |
Libro |